| 000 | 00603nam a2200169Ia 4500 | ||
|---|---|---|---|
| 008 | 140609s9999 xx 000 0 und d | ||
| 020 | _a9780521181907 | ||
| 050 |
_aHC 59.72.C3 _b.G56 2011 |
||
| 245 |
_aGlobal projects : _bInstitutional political challenges / _cEditors, Richard W. Scott, Raymond E. Levitt, Ryan J. Orr, |
||
| 260 |
_aNew York : _bCambridge University Press, _cc2011. |
||
| 300 |
_a452 p. : _bill. ; _c23 cm. |
||
| 500 | _aIncludes references and index. | ||
| 521 | _aGE | ||
| 650 |
_aPublic-private sector cooperation _xDeveloping countries. |
||
| 942 |
_kFOR _cBK |
||
| 999 |
_c118132 _d118132 |
||